000 00699nam a2200217Ia 4500
001 6126
003 GE_BSU
008 181216s||||||||xx |||||||||||||| ||und||
040 _cGE_BSU
080 _a821.353.1-1
245 _aახალგაზრდული ხმები 1988
245 _bლექსები
245 _cრედ.: დავით მჭედლური; შემდგ.: ტაგუ მებურიშვილი
260 _aთბილისი
260 _bმერანი
260 _c1988
300 _a152გვ. 20სმ.
653 _aახალგაზრდული ხმები
653 _aლექსები
942 _cBK
999 _c39530
_d39530